000 00338nam a2200145Ia 4500
008 191201s2000 xx 000 0 und d
082 _a658.8
_bMIM
100 _aMICHHELL,David
245 0 _aMaking Acquisitions Work
250 _a1st
260 _aHydrabad
_bUniversity Press
_c2000
300 _a121
650 _aMBA
942 _2ddc
_cBK
999 _c4684
_d4684